Responses for Show #3662 - Tuesday, July 4, 2000

Contestants

[<< previous game]

Ron Landers, a lawyer from Chattanooga, Tennessee

Mike Fazioli, an editor from Fairfield, Connecticut (whose 1-day cash winnings total $10,400)

Glen Savory, an Air Force contracting officer originally from Georgetown, Massachusetts (whose 1-day cash winnings total $10,400)

[next game >>]

Jeopardy! Round responses

INDEPENDENCE!
LET'S HAVE A BALL
MUSIC OF THE '90s
HISTORICAL NOVELS
FOOD
"FIRE"WORKS
    $100 1
USA

Glen
    $100 6
(Glen: Um...)
(Ron: What is the 8-ball?)
(Mike: What is the pinball?)

the cue ball

GlenMikeRon
Triple Stumper
    $100 11
Will Smith

Ron
    $100 16
Ben-Hur

Ron
    $100 21
Doritos

Ron
    $100 22
the fire ant

Glen
    $200 2
Israel

Ron
    $200 7
a wrecking ball

Ron
    $200 12
k.d. lang

Ron
    $200 17
Aaron Burr

Glen
    $200 23
red & white

Mike
    $200 24
fire signs

Mike
    $300 3
Pakistan

Ron
    $300 8
the wiffle ball

Mike
    $300 13
Phil Collins

Glen
    $300 18
Chesapeake

Glen
    $300 28
chicken pot pie

Ron
    $300 25
backfire

Ron
    $400 4
Ethiopia

Ron
    $500 9
(Mike: [No response])

a moth ball

Mike
    $400 14
(Ron: What is I [*] with you?)

"Can't Help Falling In Love"

Ron
    $400 19
James Fenimore Cooper

Ron
    $400 29
(Glen: Who is Bundt?)
...
(Alex: The name was William Crocker, but we know it better as [*].)

Betty Crocker

GlenRon
    $400 26
surefire

Ron
    $500 5
Singapore

Ron
    $500 10
a mirrored ball (or disco ball)

Mike
    $500 15
Meat Loaf

Ron
    $500 20
Sir Walter Scott

Triple Stumper
    $500 30
tater tots

Glen
    $500 27
Spitfire

Glen

Scores at the first commercial break (after clue 13):

Glen Mike Ron
$300 $200 $1,800

Scores at the end of the Jeopardy! Round:

Glen Mike Ron
$1,500 $600 $4,700

Double Jeopardy! Round responses

CELEBRATING THE IV
HORSE SENSE
AROUND ASIA
NAME THE TV SHOW
ARCHAEOLOGY
"RED", "WHITE" & "BLUE"
(Alex: One, two, perhaps all three words will come up in the correct response)
    $200 6
Pope

Ron
    $200 26
Hobby horse

Glen
    $200 21
China

Mike
    $200 1
60 Minutes

Mike
    $200 11
Dead Sea Scrolls

Glen
    $200 16
Red Cross

Mike
    $400 7
George IV

Ron
    $400 27
New Jersey

Glen
    $400 22
Iran

Mike
    $400 2
Mork And Mindy

Glen
    $400 12
Egypt

Triple Stumper
    $400 17
White collar

Glen
    $600 8
(Mike: Who is Peter IV?)

Ivan IV (a.k.a. "The Terrible")

Mike
Triple Stumper
    $600 28
January 1, 1999

Ron
    $600 23
(Ron: What is Kim?)

Parks

Ron
Triple Stumper
    $600 3
Friends

Ron
    $600 13
Vikings (Norse)

Glen
    $600 18
The Thin Red Line

Ron
    $800 9
Bourbon

Glen
    $1,800 29
Equus

Ron
    $800 24
Osaka

Triple Stumper
    $800 4
Seinfeld

Mike
    $1,000 14
Lucy

Glen
    $800 19
Vida Blue

Glen
    $1000 10
(Glen: What is Sweden?)

Denmark

GlenMike
    $1000 30
Lascaux

Triple Stumper
    $1000 25
Meander

Glen
    $1000 5
Sanford And Son

Glen
    $1000 15
Anasazi

Triple Stumper
    $1000 20
Whitechapel

Glen

Scores at the end of the Double Jeopardy! Round:

Glen Mike Ron
$8,300 $2,800 $8,300

[wagering suggestions for these scores]

Final Jeopardy! Round responses

U.S. HISTORY
(Alex: Good subject for this day!)
[Ron's response was revealed before Glen's.]
...
(Alex: Former President Truman was the witness. Happy 4th, ladies and gentlemen--we'll see you all tomorrow, take care!)
MikeWhat is Missouri?
$2,800
RonWhat is Texas?
$8,300
GlenWhat is Missouri?
$8,300
Missouri

Final scores:

Glen Mike Ron
$16,600 $5,600 $0
2-day champion: $27,000 2nd place: ebags.com Gift Certificate 3rd place: Ducane Gas Grill

Game dynamics:

Coryat scores:

Glen Mike Ron
$8,100 $3,300 $7,300
19 R
(including 1 DD),
3 W
10 R,
3 W
(including 1 DD)
22 R
(including 1 DD),
2 W

Combined Coryat: $18,700

[game clues] [game scores] [suggest correction]

Game tape date: 2000-04-11
The J! Archive is created by fans, for fans. Scraping, republication, monetization, and malicious use prohibited; this site may use cookies and collect identifying information. See terms. The Jeopardy! game show and all elements thereof, including but not limited to copyright and trademark thereto, are the property of Jeopardy Productions, Inc. and are protected under law. This website is not affiliated with, sponsored by, or operated by Jeopardy Productions, Inc. Join the discussion at JBoard.tv.